Score 0/16 Timer 04:00
0 Plays Today
Scrambled Word Answer % Correct
NILOLION
99.7%
BAZERZEBRA
95%
FARFIGEGIRAFFE
87.7%
KAJLACJACKAL
85.9%
LAEGELZGAZELLE
81.7%
EATHECHCHEETAH
78.3%
AMPPTOOHISUPHIPPOPOTAMUS
72.7%
PACE FABOULFCAPE BUFFALO
67.9%
Scrambled Word Answer % Correct
PLATENEHELEPHANT
57.5%
POLEDARLEOPARD
56.3%
LAMAPIIMPALA
55.7%
CONESROHIRRHINOCEROS
54.9%
THROWGAWARTHOG
51.1%
LEDSTEWBIEWILDEBEEST
47.2%
OGONOMESMONGOOSE
45.3%
INROTOM RAZILDMONITOR LIZARD
41.8%
Remove Ads.
Support Sporcle.
Get the best of Sporcle when you Go Orange. This ad-free experience offers more features, more stats, and more fun while also helping to support Sporcle. Thank you for becoming a member.

You're not logged in!

Compare scores with friends on all Sporcle quizzes.
OR
Log In

Show Comments

Extras

Top Quizzes Today


Score Distribution

Your Account Isn't Verified!

In order to create a playlist on Sporcle, you need to verify the email address you used during registration. Go to your Sporcle Settings to finish the process.

Report this User

Report this user for behavior that violates our Community Guidelines.

Details: